| 000 | 00494nam a2200193Ia 4500 | ||
|---|---|---|---|
| 003 | 0100 | ||
| 008 | 130303s9999 xx 000 0 und d | ||
| 040 | _cARRUPELIB | ||
| 050 | _aPE1075.P92 | ||
| 100 | _aAlgeo, John | ||
| 245 | _aProblems in the origins and development of the English language | ||
| 260 | _aNY | ||
| 260 | _bHarcourt, Brace World | ||
| 260 | _C1966 | ||
| 300 | _a274p | ||
| 650 | _bKamba literature-Folklore | ||
| 700 | _aby John Algeo and Thomas Pyles | ||
| 942 | 0 | 0 | _01 |
| 999 |
_c38799 _d38799 |
||